| 000 | 00692pam a2200229 a 4500 | ||
|---|---|---|---|
| 001 | 2423737 | ||
| 005 | 20180206033926.0 | ||
| 008 | 871218s1988 nyua b 001 0 eng | ||
| 010 | _a 87036641 | ||
| 020 |
_a0867292172 : _c$45.00 |
||
| 040 |
_aDLC _cDLC _dDLC |
||
| 041 | _aeng | ||
| 043 | _an-us--- | ||
| 080 | _a384.55570973 JUD | ||
| 082 | 0 | 0 |
_a384.55570973 JUD _219 |
| 100 | 1 | _a52 | |
| 101 | _aBUS | ||
| 245 | 1 | 4 |
_aThe business of nonbroadcast television : _cby Judith Tereno Stokes. |
| 504 | _aBibliography: p. 153-154. | ||
| 906 |
_a7 _bcbc _corignew _d1 _eocip _f19 _gy-gencatlg |
||
| 942 |
_2ddc _cBK |
||
| 999 |
_c41850 _d41850 |
||